[Event "HCL-B3775"]
[Site "www.playchess.de"]
[Date "2006.01.24"]
[Round "10"]
[White "nichju"]
[Black "coca"]
[WhiteElo "1003"]
[BlackElo "1167"]
[PlyCount "85"]
[Result "0-1"]

1.e4 e5 2.Nf3 Nc6 3.Nc3 d6 4.Bc4 Nf6 5.d3 Bg4 
6.Bg5 Be7 7.O-O a6 8.h3 h6 9.Bxf6 Bxf3 10.Qxf3 
Bxf6 11.Nd5 Nd4 12.Qg4 O-O 13.f4 b5 14.Nxf6+ Qxf6 
15.fxe5 Qxe5 16.Bd5 Rad8 17.c3 Ne6 18.d4 Qg5 
19.Qf3 Rde8 20.Rae1 a5 21.Bc6 Reb8 22.d5 Nd8 
23.Bd7 b4 24.c4 Nb7 25.Rec1 Nc5 26.Bc6 a4 27.g3 a3 
28.b3 Qg6 29.g4 Qxe4 30.Rce1 Qxf3 31.Rxf3 Rbc8 
32.Bd7 Nxd7 33.Rc1 Ne5 34.Rf5 c6 35.c5 g6 36.Rf6 
cxd5 37.h4 dxc5 38.g5 hxg5 39.hxg5 Rfe8 40.Kg2 c4 
41.Rh1 Ng4 42.Kg3 Nxf6 43.bxc4 0-1

[Event "HCL-B3849"]
[Site "www.playchess.de"]
[Date "2006.01.24"]
[Round "11"]
[White "evets"]
[Black "nico21"]
[WhiteElo "1367"]
[BlackElo "1512"]
[PlyCount "55"]
[Result "1-0"]

1.Nf3 Nf6 2.d4 d5 3.Nbd2 e6 4.e3 a6 5.Bd3 c5 6.c3 
cxd4 7.cxd4 Nc6 8.O-O Be7 9.Re1 h6 10.e4 O-O 11.e5 
Ne8 12.Nf1 f6 13.Qc2 f5 14.g4 Nb4 15.Qb1 Nxd3 
16.Qxd3 fxg4 17.N3d2 Bh4 18.Ng3 Bd7 19.f3 Bxg3 
20.hxg3 gxf3 21.Nxf3 Nc7 22.Bxh6 gxh6 23.Qg6+ Kh8 
24.Qxh6+ Kg8 25.Qg6+ Kh8 26.Re2 Qh4 27.Nxh4 Rfg8 
28.Qh6+ 1-0

[Event "HCL-B3593"]
[Site "www.playchess.de"]
[Date "2006.01.24"]
[Round "4"]
[White "bondex"]
[Black "MC-Ejnar"]
[WhiteElo "1431"]
[BlackElo "1138"]
[PlyCount "118"]
[Result "0-1"]

1.d4 e6 {Hey}  2.Nf3 d5 3.c4 Bb4+ 4.Bd2 Bxd2+ 
5.Nbxd2 Nf6 6.e3 c6 7.Bd3 Nbd7 8.a4 O-O 9.a5 b6 
10.Qa4 c5 {Nice move.}  11.Qc6 Ba6 12.axb6 axb6 
13.O-O g6 14.dxc5 Nxc5 15.Rxa6 Nxa6 16.c5 Nxc5 
17.Be2 Ra2 18.b4 Nce4 19.Nxe4 dxe4 20.Nd4 Nd5 
21.Qc4 Ra4 22.Nc6 Qf6 23.Qxe4 Ra1 24.Qe5 Rxf1+ 
25.Bxf1 Qxe5 26.Nxe5 Nxb4 27.Nd7 Nd5 28.e4 Rd8 
29.Ne5 Nc3 30.f3 Rd1 31.Kf2 b5 32.Nc6 f5 33.exf5 
exf5 34.h3 Rc1 35.Nb4 Rb1 36.Nc2 Rb2 37.Bd3 b4 
38.Kg3 b3 39.Nd4 Rd2 40.Bc4+ Kh8 41.Nxb3 Ne2+ 
42.Bxe2 Rxe2 43.Nd4 Ra2 44.Ne6 Kg8 45.Nf4 g5 
46.Nd5 f4+ 47.Kh2 Kg7 48.Nb4 Re2 49.Nd3 Kg6 50.Nc1 
Rc2 51.Nd3 h5 52.Ne1 Re2 53.Nd3 Kf5 54.Nc5 g4 
55.hxg4+ hxg4 56.fxg4+ Kxg4 57.Nb3 f3 58.Kg1 Kg3 
59.Nd4 Re1+ 0-1

[Event "HCL-B3808"]
[Site "www.playchess.de"]
[Date "2006.01.24"]
[Round "8"]
[White "djpnola"]
[Black "knoppe"]
[WhiteElo "1173"]
[BlackElo "1239"]
[PlyCount "82"]
[Result "0-1"]

1.f4 {Hello
}  d5 {hi :-)}  2.d4 Nf6 3.Nc3 g6 4.Nf3 Bg7 5.Ng5 
Nc6 6.Be3 b6 7.Qd3 Bd7 8.O-O-O a6 9.h3 Nb4 10.g4 
Nxd3+ 11.Rxd3 Rc8 12.Bg2 c6 13.Bf2 h6 14.Nf3 O-O 
15.Ne5 c5 16.dxc5 bxc5 17.Nxd5 Nxd5 18.Bxd5 Bxe5 
19.fxe5 c4 20.Rc3 Bb5 21.Rd1 Qc7 22.e6 f6 23.b3 
Qf4+ 24.e3 Qxf2 25.e4 Qf4+ 26.Kb2 Rcd8 27.bxc4 Ba4 
28.Ra3 Rdb8+ 29.Kc3 Be8 30.Rxa6 g5 31.Rd4 h5 32.e5 
Qe3+ 33.Rd3 Qxe5+ 34.Rd4 hxg4 35.hxg4 Qg3+ 36.Kd2 
Bg6 37.a4 Qf2+ 38.Kc3 Qe3+ 39.Rd3 Bxd3 40.cxd3 
Rfd8 41.Ra7 Qxa7 0-1

[Event "HCL-B3820"]
[Site "www.playchess.de"]
[Date "2006.01.24"]
[Round "14"]
[White "Saladin"]
[Black "tusnelda"]
[WhiteElo "1379"]
[BlackElo "1182"]
[PlyCount "63"]
[Result "1-0"]

1.g3 d5 2.Bg2 c6 3.e3 e5 4.Nc3 Nf6 5.d4 Bg4 6.f3 
Bh5 7.Na4 Bb4+ 8.Bd2 Be7 9.dxe5 Nfd7 10.Bc3 b6 
11.b3 b5 12.Nb2 Bc5 13.Qd2 O-O 14.Nd3 Bb6 15.Nf4 
Bg6 16.e6 Qe7 17.exd7 Nxd7 18.Bd4 Bc7 19.Nxg6 fxg6 
20.Nh3 Bd6 21.O-O c5 22.Bb2 Nf6 23.f4 Kh8 24.Bxf6 
Qxf6 25.Bxd5 h6 26.Bxa8 Rxa8 27.Nf2 a6 28.Ne4 Qe7 
29.Qd5 Rd8 30.Qc6 Qc7 31.Qxa6 b4 
32.Rad1 1-0

[Event "HCL-A2458"]
[Site "www.playchess.de"]
[Date "2006.01.24"]
[Round "11"]
[White "HOTSUN"]
[Black "tiit145"]
[WhiteElo "1556"]
[BlackElo "1547"]
[PlyCount "113"]
[Result "1-0"]

1.e4 {hi gl}  e5 {Hello!}  2.Nf3 Nc6 3.Bb5 a6 
4.Ba4 b5 5.Bb3 Na5 6.O-O Nxb3 7.axb3 Nf6 8.d3 Bc5 
9.Nxe5 O-O 10.Bg5 Be7 11.Nc3 b4 12.Na2 Bb7 13.f4 
Kh8 14.Bxf6 Kg8 15.Bxe7 Qxe7 16.Nc4 Qc5+ 17.d4 Qb5 
18.Qd3 d5 19.Ne5 dxe4 20.Qxb5 axb5 21.Nxb4 Kh8 
22.Rxa8 Rxa8 23.Nxf7+ Kg8 24.Ng5 Rc8 25.d5 c6 
26.dxc6 Ba8 27.Nxe4 Bxc6 28.Nxc6 Rxc6 29.c3 Ra6 
{Merry Christmas!&New Year! Tiit}  30.b4 {thanks 
to you too .}  Re6 {Hello!Happy New Year! Tiit}  
31.Re1 {to you too thanks}  h6 32.Kf2 Kf7 33.Ng5+ 
hxg5 34.Rxe6 Kxe6 35.fxg5 Kd5 36.h4 Kc4 37.h5 Kb3 
38.h6 Kxb2 39.hxg7 Kxc3 40.g8Q Kxb4 41.g6 Kc3 
42.Qb8 b4 43.Qxb4+ Kxb4 44.g7 Kc4 45.g8R Kb5 
46.Rc8 Kb6 47.Ke3 Kb7 48.Rc1 Kb6 49.Kd4 Kb5 50.g4 
Ka4 51.Rb1 Ka3 52.Kc4 Ka2 53.Rb8 Ka3 54.g5 Ka2 
55.Kc3 Ka1 56.Kc2 Ka2 57.Ra8+ 1-0

[Event "HCL-T255"]
[Site "www.playchess.de"]
[Date "2006.01.24"]
[Round "4"]
[White "edmonte"]
[Black "abebebikila"]
[WhiteElo "2158"]
[BlackElo "1724"]
[PlyCount "32"]
[Result "0-1"]

1.e4 e5 2.Nf3 Nc6 3.Bb5 f5 {hi, good luck}  4.Nc3 
{good luck too. Where are you from?}  fxe4 {I'm 
from basque country, spain}  5.Nxe4 {ok, can i 
know your country´s flag?}  d5 {I don't have any 
flag; I'm basque, spanish, european, but I'm not a 
patriot.}  6.Nxe5 {ok,sorry.}  dxe4 {sorry for 
nothing...}  7.Nxc6 Qg5 8.Qe2 Nf6 9.f4 Qh4+ 10.g3 
Qh3 11.Nxa7+ Bd7 {did you know this variant or are 
you reading it in a book?}  12.Bxd7+ Qxd7 13.Nb5 
O-O-O 14.Qc4 c6 15.Nc3 Bd6 16.O-O 
h5 0-1

[Event "HCL-C4089"]
[Site "www.playchess.de"]
[Date "2006.01.24"]
[Round "8"]
[White "EISBAER"]
[Black "newplayer"]
[WhiteElo "800"]
[BlackElo "1081"]
[PlyCount "76"]
[Result "0-1"]

1.d4 d5 2.e3 a6 3.c3 Bf5 4.Bd3 Bxd3 5.Qxd3 e6 
6.Nf3 Nf6 7.h4 Ne4 8.Nbd2 Nxd2 9.Bxd2 c5 10.Ng5 g6 
11.Rh3 c4 12.Qc2 Bh6 13.Nf3 a5 14.Ne5 f6 15.Qa4+ 
Nd7 16.Ng4 Bg7 17.e4 O-O 18.exd5 exd5 19.Qb4 axb4 
20.cxb4 f5 21.Ne5 Nxe5 22.h5 Nd3+ 23.Kf1 Nxb2 
24.Re1 Bxd4 25.hxg6 Nd3 26.Rxh7 Nxf2 27.Bh6 Re8 
28.Rc1 Ng4 29.g7 Nxh6 30.Rd1 Bxg7 31.Rxg7+ Kxg7 
32.b5 Rxa2 33.Kg1 Qb6+ 34.Kh1 Qxb5 35.Rf1 c3 
36.Rf2 Rxf2 37.Kg1 Qf1+ 38.Kh2 
Qxg2+ 0-1

[Event "HCL-C3944"]
[Site "www.playchess.de"]
[Date "2006.01.24"]
[Round "20"]
[White "chessmutt"]
[Black "Bense"]
[WhiteElo "1260"]
[BlackElo "1021"]
[PlyCount "66"]
[Result "0-1"]

1.d4 d6 2.Nc3 e5 3.dxe5 dxe5 4.Qxd8+ Kxd8 5.Nf3 
Nc6 6.Ng5 Ke8 7.Nd5 Bd6 8.e4 f6 9.Nf3 Be6 10.Ne3 
Nge7 11.Bb5 a6 12.Bxc6+ Nxc6 13.O-O h5 14.Bd2 Rd8 
15.b3 b5 16.c4 Bc5 17.Rad1 Bxe3 18.Bxe3 Kf7 
19.Rxd8 Rxd8 20.cxb5 axb5 21.a4 b4 22.Bd2 Bxb3 
23.a5 Bc2 24.Rc1 b3 25.a6 Bxe4 26.Bc3 Bd3 27.Nd2 
Bxa6 28.Rb1 Ne7 29.Rxb3 e4 30.Rb1 Nd5 31.Nxe4 Bd3 
32.Rc1 Bxe4 33.Ba5 Rd7 0-1

[Event "HCL-M870"]
[Site "www.playchess.de"]
[Date "2006.01.24"]
[Round "9"]
[White "Werner"]
[Black "Dailos"]
[WhiteElo "2156"]
[BlackElo "2127"]
[PlyCount "74"]
[Result "0-1"]

1.e4 {Hi! Good luck!!!}  c6 {Same to you}  2.c3 e5 
3.d4 Nf6 4.dxe5 Nxe4 5.Nd2 Nxd2 6.Bxd2 d5 7.Bd3 
Nd7 8.Nf3 Nc5 9.Bc2 Be7 10.O-O O-O 11.Qb1 g6 
12.Bh6 Re8 13.Qc1 Qb6 14.Rb1 Bd7 15.Rd1 Ne6 16.c4 
d4 17.b4 c5 18.bxc5 Qxc5 19.Be4 Bc6 20.Bxc6 bxc6 
21.Rb3 Rab8 22.Qc2 Rb4 23.Rxb4 Qxb4 24.Bd2 Qa3 
25.Bc1 Qa5 26.Bd2 Bb4 27.Bxb4 Qxb4 28.Rb1 Qa3 
29.h3 Rd8 30.Rd1 d3 31.Qd2 a5 32.Rb1 Qa4 33.Rc1 
Qb4 34.Qh6 Qb2 35.Qd2 Rb8 36.Rd1 a4 37.Qxd3 
Qxa2 0-1

[Event "HCL-B3832"]
[Site "www.playchess.de"]
[Date "2006.01.24"]
[Round "1"]
[White "garden"]
[Black "Akkarin"]
[WhiteElo "1078"]
[BlackElo "1333"]
[PlyCount "68"]
[Result "0-1"]

1.e4 d6 {Hello from Imardin, Kyralia}  2.d3 {hi 
from Sao Paulo, Brazil!}  Nf6 3.h3 e5 4.Bg5 Be7 
5.Be2 c6 6.c4 Nbd7 7.Bg4 Nc5 8.Bxc8 Rxc8 9.Nf3 Ne6 
10.Bxf6 Bxf6 11.Qb3 Qc7 12.O-O O-O 13.Nc3 Rfd8 
14.Qa3 b6 15.b3 Be7 16.Rab1 d5 17.Qb2 dxc4 18.bxc4 
Rxd3 19.Ne2 Bf6 20.Rbd1 Rcd8 21.Nd2 Qd7 22.Nc3 
Rxd2 23.Qc1 Rxd1 24.Nxd1 Nd4 25.Nc3 Qe6 26.Na4 
Ne2+ 27.Kh2 Nxc1 28.Rxc1 Rd4 29.f3 Rxc4 30.Nc3 Rd4 
31.Ne2 Rd2 32.Ng3 Bg5 33.Ra1 Bf4 34.Rc1 
Qg6 0-1

[Event "HCL-M864"]
[Site "www.playchess.de"]
[Date "2006.01.24"]
[Round "11"]
[White "TealBeatle"]
[Black "Harijs"]
[WhiteElo "1944"]
[BlackElo "1832"]
[PlyCount "73"]
[Result "1/2-1/2"]

1.e4 {hi, gg & gl}  e5 {Hello from Latvia! good 
game}  2.Nf3 {nice}  Nf6 3.Nxe5 d6 4.Nf3 Nxe4 5.d3 
Nf6 6.d4 Be7 7.Bd3 O-O 8.O-O Nc6 9.c3 Be6 10.Ng5 
Bg4 11.Qb3 Bc8 12.Re1 h6 13.Ne4 Rb8 14.Nxf6+ Bxf6 
15.Na3 Bg4 16.h3 Bd7 17.Qd5 Re8 18.Bd2 Rxe1+ 
19.Rxe1 Bg5 20.Be3 Be6 21.Qe4 g6 22.Bxg5 Qxg5 
23.h4 Qh5 24.Be2 Qa5 25.h5 {all the best for 
2006!}  Qg5 {Happy New Year!}  26.hxg6 {:) 
thank's}  Qxg6 27.Qf3 Qg5 28.Nb5 Rc8 29.Bd3 a6 
30.Na3 Bxa2 31.Nc4 Rd8 32.Re4 h5 33.Re3 Bxc4 
34.Bxc4 d5 35.Bb3 h4 36.Ba2 a5 37.Qe2 {(offering 
draw)}  1/2-1/2

[Event "HCL-C4104"]
[Site "www.playchess.de"]
[Date "2006.01.24"]
[Round "6"]
[White "Maneco"]
[Black "Ulpe"]
[WhiteElo "1161"]
[BlackElo "1561"]
[PlyCount "52"]
[Result "0-1"]

1.e4 {Hello!!!!!!!!}  c5 2.Nc3 Nc6 3.Nf3 d6 4.Bb5 
Bd7 5.d3 Nf6 6.Bxc6 Bxc6 7.O-O e6 8.Qe2 Be7 9.e5 
Nd7 10.exd6 Bxd6 11.Ng5 Nf6 12.Nge4 Be5 13.Nxf6+ 
gxf6 14.Be3 Rg8 15.g3 f5 16.Bxc5 Bxc3 17.bxc3 Qd5 
18.f3 Qxc5+ 19.Kg2 Qxc3 20.Rac1 f4 21.Kh3 fxg3 
22.hxg3 O-O-O 23.f4 Rd5 24.Kh4 Qf6+ 25.Kh3 Qh6+ 
26.Kg2 Re5+ 0-1

[Event "HCL-C4086"]
[Site "www.playchess.de"]
[Date "2006.01.24"]
[Round "9"]
[White "Sinned"]
[Black "Loren7"]
[WhiteElo "800"]
[BlackElo "800"]
[PlyCount "42"]
[Result "0-1"]

1.Nc3 e6 2.e3 g6 3.Bb5 c6 4.Ba4 Nh6 5.Nh3 Qf6 
6.O-O Qe5 7.Qf3 g5 8.d4 Qa5 9.Qf6 Rg8 10.Qxg5 {it 
is a nice move but still got something without you 
can't harm my queen because of my horse. anyway 
you are good}  Rxg5 11.Bd2 {I was to hasted Well 
done}  b5 12.Bb3 b4 13.Na4 Bd6 14.e4 f6 15.c3 Rg6 
16.a3 bxa3 17.bxa3 e5 18.dxe5 Qxe5 19.f4 Qb5 
20.Rab1 Qe2 21.Rb2 Qxg2+ 0-1

[Event "HCL-E1480"]
[Site "www.playchess.de"]
[Date "2006.01.24"]
[Round "20"]
[White "alldrix"]
[Black "Vinci"]
[WhiteElo "1723"]
[BlackElo "1647"]
[PlyCount "60"]
[Result "1/2-1/2"]

1.e4 {greetings from Aracaju}  e6 {hi and 
greetings from zürich!}  2.d4 d5 3.Nc3 Nf6 4.Bg5 
dxe4 5.Nxe4 Be7 6.Nxf6+ Bxf6 7.Bxf6 Qxf6 8.Nf3 Nd7 
9.Bb5 a6 10.Ba4 b5 11.Bb3 Nb6 12.O-O Bb7 13.Ne5 
O-O 14.f4 Rfd8 15.c3 Nd5 16.Qd2 Ne7 17.Rad1 c5 
18.Bc2 cxd4 19.cxd4 Nf5 20.Bxf5 Qxf5 21.Qe3 Rac8 
22.h3 Rc2 23.Rf2 Rdc8 24.Rdd2 Rxd2 25.Qxd2 Qb1+ 
26.Kh2 Qxa2 27.Qb4 Qd5 28.Qe7 Rf8 29.Nd7 Ra8 
30.Ne5 Rf8 {(offering draw)}  1/2-1/2

[Event "HCL-A2491"]
[Site "www.playchess.de"]
[Date "2006.01.24"]
[Round "7"]
[White "Barani_S"]
[Black "thg007"]
[WhiteElo "1614"]
[BlackElo "1340"]
[PlyCount "40"]
[Result "0-1"]

1.e4 g6 {Hi, nice meeting you. Greetings from 
malaysia}  2.d4 Bg7 3.Nf3 Nf6 4.e5 Nd5 5.c4 Nb6 
6.c5 Nd5 7.Bc4 c6 8.Qb3 O-O 9.O-O b6 10.Rd1 Ba6 
11.Bxd5 cxd5 12.Qxd5 Nc6 13.Nc3 e6 14.Qd6 Ne7 
15.Bg5 Re8 16.Nd2 Rc8 17.cxb6 axb6 18.Nde4 Rc6 
19.Qa3 Bc4 20.Nd6 Rf8 0-1

[Event "HCL-A2546"]
[Site "www.playchess.de"]
[Date "2006.01.24"]
[Round "5"]
[White "mrchess"]
[Black "stevetilbury"]
[WhiteElo "1489"]
[BlackElo "1550"]
[PlyCount "86"]
[Result "0-1"]

1.d4 {good luck}  Nf6 {look forward to an 
interesting game}  2.Bg5 c6 3.c4 d5 4.Nc3 e6 
5.cxd5 exd5 6.e3 Be7 7.Nf3 O-O 8.Be2 Nbd7 9.O-O 
Re8 10.Rc1 Nf8 11.Ne5 Ng6 12.Nxg6 hxg6 13.Bf3 Nh7 
14.Bxe7 Qxe7 15.Re1 Ng5 16.Bg4 Bxg4 17.Qxg4 Ne4 
18.Nxe4 Qxe4 19.Qxe4 Rxe4 20.Rc3 Rae8 21.f3 Rxd4 
22.exd4 Rxe1+ 23.Kf2 Re7 24.b4 Kf8 25.a4 Ke8 26.b5 
Rc7 27.a5 Kd7 28.b6 axb6 29.axb6 Rc8 30.Ra3 c5 
31.dxc5 Rxc5 32.Ra8 Rc6 33.Rg8 Rxb6 34.Rxg7 Ke7 
35.Rh7 Rd6 36.Ke3 b5 37.Kd4 b4 38.Kc5 b3 39.Rh8 
Rb6 40.Kxb6 b2 41.Kc5 b1Q 42.Kxd5 Qd3+ 43.Kc5 
Qc3+ 0-1

[Event "HCL-C4076"]
[Site "www.playchess.de"]
[Date "2006.01.24"]
[Round "6"]
[White "Milosforman"]
[Black "pera"]
[WhiteElo "928"]
[BlackElo "941"]
[PlyCount "38"]
[Result "0-1"]

1.d4 d5 2.Nf3 Nc6 3.e3 Bg4 4.Be2 e6 5.h3 Bxf3 
6.Bxf3 Bd6 7.O-O Nf6 8.Nc3 Nb4 9.a3 Nc6 10.e4 dxe4 
11.Nxe4 Nxe4 12.Bxe4 O-O 13.Bxc6 bxc6 14.b4 c5 
15.dxc5 Be5 16.Ra2 Qxd1 17.Rxd1 Rfd8 18.Rxd8+ Rxd8 
19.Be3 Rd1+ 0-1

[Event "HCL-C4076"]
[Site "www.playchess.de"]
[Date "2006.01.24"]
[Round "4"]
[White "JerryReneau"]
[Black "pera"]
[WhiteElo "1079"]
[BlackElo "941"]
[PlyCount "45"]
[Result "1-0"]

1.d4 d5 2.e3 Nd7 3.c4 e6 4.c5 c6 5.Nf3 Ngf6 6.Bd3 
Be7 7.O-O b6 8.cxb6 Qxb6 9.Bd2 O-O 10.Qc2 Ng4 
11.h3 Ngf6 12.Nc3 Bd6 13.Na4 Qb8 14.a3 Ne4 15.Bxe4 
dxe4 16.Qxe4 Bb7 17.Qd3 Qc7 18.Rfc1 Nb6 19.Nc5 
Bxc5 20.dxc5 Nd5 21.Ng5 Nf6 22.Bc3 Nd5 
23.Qxh7+ 1-0

[Event "HCL-M861"]
[Site "www.playchess.de"]
[Date "2006.01.24"]
[Round "4"]
[White "anne_t"]
[Black "TonyP"]
[WhiteElo "1943"]
[BlackElo "2092"]
[PlyCount "77"]
[Result "1/2-1/2"]

1.c4 {Best of Luck}  Nf6 {And you!}  2.Nc3 e5 
3.Nf3 Nc6 4.g3 d5 5.cxd5 Nxd5 6.Bg2 Nb6 7.O-O Be7 
8.Rb1 a5 9.b3 O-O 10.Bb2 Be6 11.d3 f6 12.Nd2 Qd7 
13.Nc4 Nd5 14.Rc1 Rfd8 15.Nxd5 Bxd5 16.Bxd5+ Qxd5 
17.Ne3 Qe6 18.Qc2 Nd4 19.Bxd4 exd4 20.Ng2 Bd6 
21.e3 dxe3 22.fxe3 {a great 2006!}  Ra6 {Happy New 
Year!}  23.Qc4 Re8 24.d4 Kf8 25.Qxe6 Rxe6 26.Kf2 
c6 27.Nf4 Bxf4 28.exf4 a4 29.b4 Rb6 30.a3 Rb5 
31.Rc5 Rxc5 32.bxc5 Re4 33.Rd1 Kf7 34.f5 g6 35.Rb1 
gxf5 36.Rxb7+ Ke6 37.Rxh7 Rxd4 38.Rc7 Rd2+ 39.Kg1 
{(offering draw)}  1/2-1/2

[Event "HCL-B3818"]
[Site "www.playchess.de"]
[Date "2006.01.24"]
[Round "2"]
[White "Clarion"]
[Black "XFast_EddieX"]
[WhiteElo "1131"]
[BlackElo "1200"]
[PlyCount "45"]
[Result "1-0"]

1.e4 e5 2.Nc3 d6 3.Nf3 Nf6 4.d4 Nc6 5.d5 Nd4 
6.Nxd4 c5 7.Bb5+ Bd7 8.Nc6 bxc6 9.dxc6 Rc8 
10.cxd7+ Nxd7 11.Bxd7+ Qxd7 12.f4 g6 13.fxe5 Be7 
14.exd6 Bxd6 15.Nd5 O-O 16.Nf6+ Kg7 17.Nxd7 Rfd8 
18.Qxd6 c4 19.Qd4+ Kg8 20.O-O Rc7 21.Nf6+ Kg7 
22.Qxd8 Rc6 23.Qg8+ 1-0

[Event "HCL-E1531"]
[Site "www.playchess.de"]
[Date "2006.01.24"]
[Round "7"]
[White "Zafonic"]
[Black "ArieAdria"]
[WhiteElo "1512"]
[BlackElo "1848"]
[PlyCount "33"]
[Result "1-0"]

1.e4 e5 2.Nf3 Nc6 3.d4 exd4 4.Nxd4 Bc5 5.Be3 Bxd4 
6.Bxd4 Nf6 7.Nc3 Nxd4 8.Qxd4 O-O 9.O-O-O d6 10.f4 
Bg4 11.Rd2 Rb8 12.h3 Bd7 13.Be2 Re8 14.e5 dxe5 
15.fxe5 Nh5 16.Bxh5 Qg5 17.Bxf7+ 1-0

[Event "HCL-C4099"]
[Site "www.playchess.de"]
[Date "2006.01.24"]
[Round "10"]
[White "WPrimo"]
[Black "Ulpe"]
[WhiteElo "1296"]
[BlackElo "1559"]
[PlyCount "78"]
[Result "0-1"]

1.e4 c5 2.Nf3 d6 3.d4 cxd4 4.Nxd4 Nf6 5.Bd3 e6 
6.c4 Be7 7.Nc3 O-O 8.O-O Nbd7 9.b3 Qa5 10.Bb2 Rd8 
11.Kh1 Qh5 12.f4 Ng4 13.h3 Ngf6 14.Qxh5 Nxh5 
15.Rf3 Nc5 16.Bc2 Nf6 17.Rd1 Ne8 18.f5 a5 19.fxe6 
fxe6 20.Rdf1 Bd7 21.R3f7 Bf6 22.R7xf6 Nxf6 23.Ndb5 
Bxb5 24.cxb5 Rac8 25.Bb1 d5 26.exd5 Nxd5 27.Ne4 
Ne3 28.Re1 Nd3 29.Bxd3 Rxd3 30.Bc1 Nc2 31.Rf1 Nb4 
32.a3 Nd5 33.Nd6 Rc2 34.Nxb7 Rxb3 35.a4 Rb1 36.Kh2 
Rcxc1 37.Rf3 Nf6 38.Nxa5 Ne4 39.Nc6 
Rch1+ 0-1

[Event "ACL-A655"]
[Site "www.playchess.de"]
[Date "2006.01.24"]
[Round "15"]
[White "Chascarrillo"]
[Black "Eishockeytorwart"]
[WhiteElo "2132"]
[BlackElo "1500"]
[PlyCount "47"]
[Result "1-0"]

1.d4 d5 2.e4 dxe4 3.Nc3 Nf6 4.f3 exf3 5.Nxf3 Bg4 
6.h3 Bh5 7.g4 Bg6 8.Ne5 e6 9.Qf3 c6 10.g5 Nh5 
11.Bd3 Qxd4 12.Nxg6 hxg6 13.Rf1 Qe5+ 14.Ne2 Qc7 
15.Be3 Bd6 16.Bxg6 fxg6 17.O-O-O Nd7 18.Qf7+ Kd8 
19.Nd4 Kc8 20.Nxe6 Qb8 21.Bc5 Nxc5 22.Nxc5 Rd8 
23.Rxd6 Rxd6 24.Qe7 1-0

[Event "HCL-B3849"]
[Site "www.playchess.de"]
[Date "2006.01.24"]
[Round "12"]
[White "nico21"]
[Black "evets"]
[WhiteElo "1512"]
[BlackElo "1367"]
[PlyCount "65"]
[Result "1-0"]

1.d4 e6 2.c4 d5 3.Nc3 Bb4 4.Qc2 Nf6 5.Bg5 O-O 
6.Nf3 Re8 7.e3 Nc6 8.Bd3 dxc4 9.Bxc4 e5 10.O-O 
exd4 11.exd4 Nxd4 12.Nxd4 Qxd4 13.Bd3 h6 14.Bxf6 
Qxf6 15.Nd5 Qd6 16.Nxc7 Be6 17.Nxe8 Rxe8 18.Rfd1 
Qf4 19.g3 Qf3 20.Qa4 Rf8 21.Qxb4 g6 22.Be4 Qg4 
23.Qxb7 Kg7 24.a3 Bf5 25.Bxf5 gxf5 26.Kg2 h5 
27.Qf3 Qg6 28.Qc3+ Kh7 29.Qb4 Qc6+ 30.Kg1 Rg8 
31.Qe7 f4 32.Qxf7+ Rg7 33.Qxh5+ 1-0

[Event "HCL-T258"]
[Site "www.playchess.de"]
[Date "2006.01.24"]
[Round "8"]
[White "hal1958"]
[Black "Emerson"]
[WhiteElo "1482"]
[BlackElo "1817"]
[PlyCount "89"]
[Result "0-1"]

1.b4 e5 2.Bb2 f6 {hi and welcome! I had forgotten 
to greet you with my first move!
Norbert  :-)}  3.a3 {have a nice game}  d5 {merci} 
 4.e3 Bd6 5.c4 c6 6.Nf3 Be6 7.c5 Bc7 8.d3 Nh6 9.h3 
Nd7 10.Be2 O-O 11.O-O g5 12.Nh2 Nf5 13.Nd2 Ng7 
14.Bg4 f5 15.Bf3 e4 16.dxe4 dxe4 17.Be2 Qb8 18.g3 
Bxg3 19.fxg3 Qxg3+ 20.Kh1 Qxh3 21.Rg1 g4 22.Bxg7 
Kxg7 23.Ndf1 Rf6 24.Qd4 Kf7 25.Bc4 Nf8 26.Bxe6+ 
Rxe6 27.Rg3 Qh4 28.Kg2 Rd8 29.Qb2 h5 30.Qb3 Qf6 
31.Rd1 h4 32.Rxd8 Qxd8 33.Rxg4 fxg4 34.Nxg4 Qd5 
35.Qc2 Rg6 36.Qf2+ Kg8 37.Qxh4 Nh7 38.Kh3 Ng3 
39.Ng5+ Kg2 40.Qf3+ Kh2 41.Qf8 Kg2 42.Nf3 Qh5 
43.Qg7 Kh3 44.Ng1+ Kh4 45.Qe7+ 0-1

[Event "HCL-B3836"]
[Site "www.playchess.de"]
[Date "2006.01.24"]
[Round "14"]
[White "riziotis"]
[Black "sundfar"]
[WhiteElo "1307"]
[BlackElo "1310"]
[PlyCount "50"]
[Result "0-1"]

1.e4 {good luck}  c5 {good luck}  2.d4 {thanks u2} 
 e6 3.dxc5 Bxc5 4.Nf3 Nf6 5.Bg5 d6 6.Bb5+ Bd7 
7.Bxd7+ Nbxd7 8.Nc3 Qb6 9.Na4 Qb4+ 10.Nc3 Nxe4 
11.O-O Nxc3 12.bxc3 Qxc3 13.Rb1 Rb8 14.Rb3 Qa5 
15.a4 Qxa4 16.Re1 h6 17.Be3 Bxe3 18.Rexe3 Qa6 
19.Rec3 O-O 20.Rb2 Rfc8 21.Rcb3 Nc5 22.Re3 Na4 
23.Ra2 Qc4 24.Raa3 d5 25.Ne5 Qxc2 0-1

[Event "HCL-E1557"]
[Site "www.playchess.de"]
[Date "2006.01.24"]
[Round "9"]
[White "Emerson"]
[Black "XANDERKIRV"]
[WhiteElo "1844"]
[BlackElo "1460"]
[PlyCount "53"]
[Result "1-0"]

1.e4 {welcome, dear chessfriend and good luck. 
let´s have one more interesting match!}  c5 {Hello 
again and good luck.}  2.b4 {merci}  cxb4 3.d4 e6 
4.a3 bxa3 5.Bxa3 Bxa3 6.Nxa3 d6 7.Qd2 Ne7 8.Bd3 
O-O 9.Ne2 Bd7 10.O-O Nbc6 11.Nb5 Nc8 12.f4 f6 
13.c4 e5 14.d5 N6e7 15.Qb4 a5 16.Qd2 b6 17.f5 Bxb5 
18.cxb5 Na7 19.Rf3 Rc8 20.Ng3 Rc5 21.Rb1 Qd7 
22.Nh5 Nec8 23.Rg3 Rf7 24.Rxg7+ Kf8 25.Nxf6 Qc7 
26.Rg8+ Ke7 27.Re8+ 1-0

[Event "HCL-E1515"]
[Site "www.playchess.de"]
[Date "2006.01.24"]
[Round "6"]
[White "XANDERKIRV"]
[Black "ChessFox"]
[WhiteElo "1581"]
[BlackElo "1496"]
[PlyCount "57"]
[Result "1-0"]

1.e4 {Hello and good luck.}  e6 2.d4 d5 3.Nd2 Be7 
4.exd5 exd5 5.c3 Nf6 6.h3 Bf5 7.Ngf3 h6 8.Nh4 Bh7 
9.Be2 Ne4 10.Nxe4 dxe4 11.g3 Bxh4 12.gxh4 Qxh4 
13.Be3 Nd7 14.Qb3 b6 15.Bc4 Bg6 16.O-O-O O-O 
17.Rhg1 Kh7 18.Rgh1 Bh5 19.Rdg1 Qe7 20.Rg3 g6 
21.Qc2 f5 22.Qd2 g5 23.Bxg5 hxg5 24.Rxg5 Bf7 
25.Rhg1 Rfg8 26.Qf4 Rg6 27.Qh4+ Kg7 28.R5xg6+ Bxg6 
29.Qxe7+ 1-0

[Event "HCL-M847"]
[Site "www.playchess.de"]
[Date "2006.01.24"]
[Round "9"]
[White "Lan"]
[Black "Kimura"]
[WhiteElo "2038"]
[BlackElo "1860"]
[PlyCount "31"]
[Result "1-0"]

1.e4 {hi from Slovenia:)}  e5 2.Nf3 Nc6 {Hello 
;=)}  3.d4 exd4 4.Nxd4 Bc5 5.Nxc6 Qf6 6.Qe2 Qxc6 
7.g3 Ne7 8.Bg2 O-O 9.O-O Qe6 10.Nc3 c6 11.Na4 Bd6 
12.Be3 b6 13.f4 Bc7 14.Rad1 Bb7 15.f5 Qxa2 
16.Rda1 1-0

[Event "HCL-E1528"]
[Site "www.playchess.de"]
[Date "2006.01.24"]
[Round "10"]
[White "Eyechess"]
[Black "badplayer"]
[WhiteElo "2017"]
[BlackElo "1579"]
[PlyCount "69"]
[Result "1-0"]

1.e4 {Greetings and good game to us}  c5 {Wish u 
the same}  2.Nc3 Nc6 3.g3 b6 4.Bg2 Bb7 5.d3 e6 
6.Nge2 g6 7.Be3 Bg7 8.O-O Nge7 9.d4 cxd4 10.Nxd4 
O-O 11.f4 Rc8 12.Bf2 a6 13.Nxc6 Bxc6 14.Qd6 b5 
15.a4 Bxc3 16.bxc3 f6 17.c4 bxc4 18.Rfd1 Kf7 
19.Bc5 Re8 20.a5 Qc7 21.Qd4 Bb5 22.Bd6 Qb7 
23.Qxf6+ Kxf6 24.e5+ Kf7 25.Bxb7 Nd5 26.Bxc8 Rxc8 
27.Kf2 c3 28.Rd4 h6 29.h4 h5 30.Rg1 Rc4 31.Rxc4 
Bxc4 32.Bc5 Bb5 33.Ra1 Ke8 34.Ra3 Kd8 
35.Bd4 1-0

[Event "HCL-E1560"]
[Site "www.playchess.de"]
[Date "2006.01.24"]
[Round "1"]
[White "chess50"]
[Black "Josef1901"]
[WhiteElo "2155"]
[BlackElo "1561"]
[PlyCount "51"]
[Result "1-0"]

1.e4 c5 2.c3 d5 3.exd5 Qxd5 4.d4 cxd4 5.cxd4 Nf6 
6.Nc3 Qd8 7.Nf3 e6 8.Bd3 Be7 9.O-O O-O 10.Bg5 h6 
11.Bf4 Nc6 12.Re1 Nd5 13.Nxd5 Qxd5 14.Be4 Qb5 
15.Qc2 Bd7 16.a4 Qb6 17.Be3 Qa5 18.Bd2 Qh5 19.Qb3 
b6 20.Qb5 Qxb5 21.axb5 Nb4 22.Bxa8 Rxa8 23.Bxb4 
Bxb4 24.Re3 Bxb5 25.Rb3 a5 26.Rxb4 1-0

[Event "HCL-A2466"]
[Site "www.playchess.de"]
[Date "2006.01.24"]
[Round "4"]
[White "q77ro"]
[Black "Maillard"]
[WhiteElo "1515"]
[BlackElo "1465"]
[PlyCount "117"]
[Result "1/2-1/2"]

1.e4 c5 {Bonne partie!}  2.Nf3 Nc6 3.d4 cxd4 
4.Nxd4 e5 5.Nxc6 bxc6 6.Bc4 Nf6 7.Nc3 Bb4 8.f3 
Bxc3+ 9.bxc3 Qc7 10.Ba3 c5 11.Rb1 O-O 12.O-O d6 
13.Bc1 Bd7 14.f4 Nxe4 15.Qd3 Bc6 16.Rb3 Nf6 
17.fxe5 d5 18.Bb5 Bxb5 19.Qxb5 Qxe5 20.Qxc5 Rfc8 
21.Qa5 h6 22.Bf4 Qe4 23.Bxh6 gxh6 24.Rxf6 Qe1+ 
25.Rf1 Qe3+ 26.Kh1 Qe2 27.Rg1 Qxc2 28.Rb7 Qxc3 
29.Qxd5 Qf6 30.h3 a6 31.Qd3 Rc3 32.Rf1 Qc6 33.Qd7 
Rxh3+ 34.Qxh3 Qxb7 35.Qxh6 Re8 36.Qg5+ Kf8 37.a4 
Re6 38.Qc5+ Ke8 39.Qh5 Re7 40.Rd1 Re4 41.a5 Qc6 
42.Qg5 Qc7 43.g3 Re5 44.Qg8+ Ke7 45.Rf1 Rh5+ 
46.Kg1 Qc5+ 47.Kg2 Qd5+ 48.Rf3 Rf5 49.Qg4 Qxf3+ 
50.Qxf3 Rxf3 51.Kxf3 Kd6 52.Kf4 {(offering draw)}  
Kc5 53.g4 Kb5 54.g5 Kxa5 55.Kf5 Kb4 56.Kf6 a5 
57.Kxf7 a4 58.g6 a3 59.g7 {(offering draw)} 
 1/2-1/2